000 00875nam a22002177a 4500
999 _c5171
_d5171
003 AR-CdUCM
008 190312b ||||| |||| 00| 0 spa d
040 _aMUNICIPALIDAD PROVINCIAL DEL CUSCO
_cBIBLIOTECA MUNICIPAL DEL CUSCO
082 _a327.7 /
_bS21
100 _aSansón Terdán, José
_915699
245 _aEl interamericanismo en marcha :
_bde Bolivia a Monroe al Rooseveltianismo /
260 _aWashington :
_bUniversity Press,
_c1949.
300 _a474 páginas ;
_c22 cm.
505 _aUna doctrina centenaria -- El siglo XX y la doctrina -- Montevideo tumba del intervencionismo -- Buenos Aires y los ocho pilares de la Paz -- La declaración de Lima dinamo indispensable...
650 _aHistoria republicana.
_95663
650 _aMontevideano.
_915700
650 _aDoctrina.
_91208
650 _aPearl Harbor.
_915701
942 _2ddc
_cLIBROS
945 _awfj